000 00734nas a2200265 4500
001 BR8501421
003 BR-BrBNA
005 20231205090140.0
007 ta
008 230509b bl.|||p| |||| 00| 00por d
040 _aBR-BrBNA
_bpor
_cBiblioteca Nacional de Agricultura
041 _a(Pt)
072 _aL73
100 1 _aCarvalho, M.R. de
100 1 _aFerreira, A. de M.
100 1 _aSa, W.F. de
100 1 _aCruz, G.M. da
245 1 _aTratamentos para endometrite bovina
650 _aPECUARIA
650 _aENDOMETRITE
650 _aPROFILAXIA
773 0 _tBalde Branco (Brazil)
_xISSN 0005-4275
_g(Feb 1985), v. 20(244) p. 27-28
_wBR8501421
909 _a202311
_bLúcia
_c55
_dLúcia Elande
942 _2AGRIS
_n0
_cANA
999 _c116417
_d116417